| 000 | 00657nam a2200265Ia 4500 | ||
|---|---|---|---|
| 008 | 210210b2008 xxu||||| |||| 00| 0 eng d | ||
| 020 | _a9781420044379 | ||
| 041 | _aeng | ||
| 082 | _a615.19 CROP | ||
| 100 | _aCROMMELIN (Daan J A) | ||
| 245 | _aPharmaceutical biotechnology: fundamentals and applications Ed 3 | ||
| 250 | _a | ||
| 260 |
_aNew York _bNot Mentioned _c2008 |
||
| 300 | _axiv,490 | ||
| 650 | _aPharmaceutical | ||
| 650 | _afundamentals | ||
| 650 | _aEd | ||
| 650 | _abiotechnology: | ||
| 650 | _aapplications | ||
| 650 | _aand | ||
| 650 | _a3 | ||
| 690 | _aPharmacology | ||
| 700 | _aSINDELAR (Robert D) | ||
| 906 | _a064703 | ||
| 999 |
_c141573 _d141573 |
||